000 00520nam a2200169Ia 4500
003 GCL
005 20240530104626.0
008 140319s1997 xx 000 0 ara d
040 _aGCL /
_cGCL
082 0 4 _a932.094
_bق/ح ع
100 1 _aحسين الشيخ
245 1 0 _aالعصر الهللينستى /
_cحسين الشيخ
300 _a183 ص :
_bصور ؛
_c24 سم
490 _aدراسات فى تاريخ الحضارات القديمة
_v0
650 _aالعصر الهللينستى
942 _2ddc
_cBK
999 _c49309
_d49309